00863 a2200193 45000010006000000050017000060080041000230030015000640400040000790800067001192450088001860200022002742640033002963000019003295050195003480410008005431000023005518560095005743776620260407155644.0260407a2014 arg spa dAR-UNSa-BCEJYS aAR-UNSa-BCEJYSbspacAR-UNSa-BCEJYS a339.72.053.1xDeuda exterior. Déficit de la balanza de pagos10aLos buitresphistoria oculta de la mayor operación financiera contra la Argentina a978-987-628-328-1 1aBuenos Aires :bEdhasac2014 a250 p.c22 cm. a1. Llegaron los buitres - 2. Qué y quiénes - 3. Los primeros vuelos - 4. Griesa en el camino - 5. La madre de todos los embargos - 6. El juicio - 7. La batalla que cambiará la historia aspa1 aBurgueño, Carlos41uhttps://biblioeco.unsa.edu.ar/pmb/images/libros/L125698.jpgyImagen de portadaqimage/jpeg